Feeling Is The Secret (Record no. 369874)

MARC details
000 -LEADER
fixed length control field 00439nam a2200169 4500
005 - DATE AND TIME OF LATEST TRANSACTION
control field 20260113160657.0
008 - FIXED-LENGTH DATA ELEMENTS--GENERAL INFORMATION
fixed length control field 260113b |||||||| |||| 00| 0 eng d
020 ## - INTERNATIONAL STANDARD BOOK NUMBER
International Standard Book Number 9788198080875
041 ## - LANGUAGE CODE
Language code of text/sound track or separate title English
082 ## - DEWEY DECIMAL CLASSIFICATION NUMBER
Classification number X 823 GOD
Item number B12165
100 ## - MAIN ENTRY--PERSONAL NAME
Author Goddard, neville
245 ## - TITLE STATEMENT
Title Feeling Is The Secret
260 ## - PUBLICATION, DISTRIBUTION, ETC.
Place of publication, distribution, etc. Mumbai
Name of publisher, distributor, etc. The Milky Way Publications
Date of publication, distribution, etc. 2024
300 ## - PHYSICAL DESCRIPTION
Extent 54p
Other physical details pb
365 ## - TRADE PRICE
Price type code Rupaye
Price amount 147
Currency code INR
942 ## - ADDED ENTRY ELEMENTS (KOHA)
Koha item type Books
Holdings
Withdrawn status Lost status Source of classification or shelving scheme Damaged status Not for loan Collection code Home library Current library Date acquired Vendor Net Price Bill number Total Checkouts Full call number Barcode Date last seen Date last checked out Actual Price Bill Date Koha item type Original Barcode
    Dewey Decimal Classification     Non-fiction Smt. Bakul Tambat Institute of Nursing Education Smt. Bakul Tambat Institute of Nursing Education 30/12/2025 Amazon(online) 171-8358551-1304361 147.00 XWNY-716602 1 X 823 GOD B12165 BTIN-BK-12165 04/03/2026 18/02/2026 147.00 18/12/2025 Books BTIN-BK-12165